000 00701nam a2200193zi 4500
999 _c25832
_d53830
005 20171004045448.0
020 _a978-2-7430-1367
037 _aBC_695 21
_fbroch
040 _aBC-ENSA
_bfre
041 _afre
100 _aJACQUOT, Muriel
245 _aLa couleur des aliments
_bde la théorie à la pratique
260 _aParis
_bLavoisier
_c2012
300 _bill. en coul.
_a472 p.
_c24 cm
562 _e1 exemplaire(s)
942 _c09
490 _a57
653 _aPRODUIT ALIMENTAIRE/COULEUR/PROPRIETE PHYSICOCHIMIQUE/MIEL/STOCKAGE/VIN/VIANDE/CARAMEL/COLORANT/TOXICITE/LEGISLATION/PROPRIETE ORGANOLEPTIQUE